| 000 | 02355nam2a2200361 4500 | ||
|---|---|---|---|
| 001 | RU\NLR\BIBL_A\011366490 | ||
| 005 | 20250626053129.0 | ||
| 021 |
_aRU _b2017-18272 _91346 |
||
| 035 | _a(NLR Aleph) 011366490 | ||
| 090 |
_a11327118 _c11327118 |
||
| 100 | _a20170412d2016 |||y0rusy50 ca | ||
| 101 | 1 |
_arus _cund |
|
| 102 | _aRU | ||
| 105 | _aa z 00zy | ||
| 200 | 1 |
_aБиологические и технические осложнения имплантологического лечения _dBiological and hardwarel complications of implant dentistry _fУ. Бреггер, Л. Хейтц-Мейфилд _gпереводчик Борис Яблонский _gнаучный редактор перевода Артур Сидельников _zeng |
|
| 210 |
_d2016 _aБ. м. |
||
| 215 |
_a215 с. _cил., цв. ил. |
||
| 300 | _aПарал. общ. загл.: ITI Treatment Guide | ||
| 300 | _aАвт. также на англ. яз.: U. Brägger, L. J. A. Heitz-Mayfield | ||
| 320 | _aБиблиогр.: с. 201-215 | ||
| 461 | 0 |
_1001RU\NLR\bibl\2043990 _12001#$aРуководство по имплантологии$fД. Мортон, Дж. Ганелес$gред.: Д. Висмайер [и др.]$gпер.: Александр Суркин, [к.м.н.]$gнауч. ред. пер.: Кристина Бадалян, [к.м.н.] и Михаил Ломакин, [д.м.н., проф.]$gITI, Междунар. науч. группа по имплантологии$vТ. 8 _1700#1$aМортон$bД.$4070 _94551441 _aМортон, Д. _cМосква [и др.] _d2011 _fД. Мортон, Дж. Ганелес _nКвинтэссенция _tРуководство по имплантологии _vТ. 8 |
|
| 510 | 1 |
_6z77790 _aBiological and hardwarel complications of implant dentistry _zeng |
|
| 510 | 1 |
_aITI Treatment Guide _zeng |
|
| 606 | 1 |
_aИмплантация _jРуководства, пособия и т.п _xПрименение в протезной стоматологии _xОсложнения _92546876 _3RU\NLR\AUTH\661507374 |
|
| 686 | 1 | _aР665.421-99я7 | |
| 701 | 1 |
_aБреггер _bУ. |
|
| 701 | 1 |
_aХейтц-Мейфилд _bЛ. |
|
| 790 | 1 |
_6z77 _aBrägger _bU. |
|
| 790 | 1 |
_6z77 _6z77510 _aHeitz-Mayfield _bL. J. A. |
|
| 852 |
_aNLR _j2012-8/3406 |
||
| 942 | _cBOOK | ||
| 980 | _aNB | ||